[Event "Cheliabinsk Spassky 75 op"]
[Site "Cheliabinsk"]
[Date "2012.02.07"]
[Round "6"]
[White "Popov, Sergei2222"]
[Black "Dubrovskaya, Emilia A"]
[Result "1-0"]
[WhiteElo "1867"]
[BlackElo "1899"]
[PlyCount "51"]
[EventDate "2012.01.29"]
[EventType "swiss"]
[EventRounds "9"]
[EventCountry "RUS"]
[SourceTitle "EXT 2014"]
[Source "ChessBase"]
[SourceDate "2013.11.20"]
[SourceVersion "1"]
[SourceVersionDate "2013.11.20"]
[SourceQuality "1"]

1. d4 d5 2. c4 e6 3. Nc3 c6 4. e3 Nf6 5. Nf3 Bd6 6. Bd3 0-0 7. 0-0 Nbd7 8. e4 dxe4 9. Nxe4 Nxe4 10. Bxe4 Nf6 11. Bc2 Re8 12. Bg5 h6 13. Bh4 Be7 14. Qd3 Kf8 15. Ne5 Ng8 16. Bg3 Bf6 17. Rad1 Qa5 18. a3 Rd8 19. Qe4 Qb6 20. b3 Qa5 21. a4 Bd7 22. f4 Be8 23. Be1 Qc7 24. f5 exf5 25. Rxf5 Be7 26. Ng6# 1-0

[Event "Cheliabinsk Spassky 75 op"]
[Site "Cheliabinsk"]
[Date "2012.01.29"]
[Round "1"]
[White "Dubrovskaya, Emilia A"]
[Black "Gerasimov, Nikolai"]
[Result "1-0"]
[WhiteElo "1899"]
[BlackElo "1603"]
[PlyCount "69"]
[EventDate "2012.01.29"]
[EventType "swiss"]
[EventRounds "9"]
[EventCountry "RUS"]
[SourceTitle "EXT 2014"]
[Source "ChessBase"]
[SourceDate "2013.11.20"]
[SourceVersion "1"]
[SourceVersionDate "2013.11.20"]
[SourceQuality "1"]

1. d4 a6 2. e4 b5 3. c3 Bb7 4. Bd3 Nf6 5. Qe2 e6 6. Bg5 Be7 7. Bxf6 Bxf6 8. Nf3 c5 9. dxc5 Nc6 10. 0-0 Qc7 11. Re1 h6 12. Nbd2 b4 13. e5 Be7 14. Ne4 bxc3 15. bxc3 Qa5 16. Qe3 f5 17. exf6 gxf6 18. Nd6+ Bxd6 19. cxd6 f5 20. Bc4 0-0-0 21. Nd4 Nxd4 22. Qxd4 Rhg8 23. g3 Rdf8 24. Re5 Qa3 25. Qc5+ Qxc5 26. Rxc5+ Bc6 27. Bxa6+ Kd8 28. Rb1 Ke8 29. Bc4 Kf7 30. Rxf5+ Kg6 31. Rxf8 Rxf8 32. Bb5 Rb8 33. c4 Kf5 34. a4 Ke5 35. Rd1 1-0

[Event "Cheliabinsk Region Club-ch qf"]
[Site "Cheliabinsk"]
[Date "2011.01.22"]
[Round "2"]
[White "Dubrovskaya, Emilia A"]
[Black "Znamensky, Nikolai"]
[Result "0-1"]
[WhiteElo "1926"]
[BlackElo "1764"]
[PlyCount "56"]
[EventDate "2011.01.21"]
[EventType "swiss"]
[EventRounds "9"]
[EventCountry "RUS"]
[SourceTitle "EXT 2022"]
[Source "ChessBase"]
[SourceDate "2021.10.06"]
[SourceVersion "1"]
[SourceVersionDate "2021.10.06"]
[SourceQuality "1"]

1. d4 Nf6 2. Nc3 d5 3. Bg5 e6 4. e4 Be7 5. e5 Nfd7 6. Bxe7 Qxe7 7. Nf3 0-0 8. Bd3 f6 9. 0-0 fxe5 10. dxe5 Nc6 11. Qe2 Nc5 12. Bb5 Bd7 13. Bxc6 Bxc6 14. Nd4 Be8 15. b4 Na4 16. Nxa4 Bxa4 17. c3 Bd7 18. Qe3 a5 19. a3 b6 20. Rfc1 c5 21. bxc5 bxc5 22. Nb3 Rfc8 23. Nd2 Be8 24. h3 Rab8 25. Rcb1 Bg6 26. Rxb8 Rxb8 27. Nb3 Rxb3 28. Qc1 h6 0-1

[Event "Cheliabinsk Sveshnikov 60 op"]
[Site "Cheliabinsk"]
[Date "2010.03.04"]
[Round "9"]
[White "Dubrovskaya, Emilia A"]
[Black "Makarenkov, Yuriy"]
[Result "1-0"]
[WhiteElo "1976"]
[BlackElo "1815"]
[PlyCount "35"]
[EventDate "2010.02.24"]
[EventType "swiss"]
[EventRounds "9"]
[EventCountry "RUS"]
[SourceTitle "EXT 2012"]
[Source "ChessBase"]
[SourceDate "2011.11.24"]
[SourceVersion "1"]
[SourceVersionDate "2011.11.24"]
[SourceQuality "1"]

1. e4 e5 2. d4 exd4 3. c3 dxc3 4. Bc4 cxb2 5. Bxb2 Nf6 6. e5 Bb4+ 7. Nd2 Ne4 8. Ngf3 Nxd2 9. Nxd2 Qg5 10. 0-0 Qxd2 11. Qb3 0-0 12. Rad1 Qg5 13. Qxb4 Nc6 14. Qc3 d6 15. f4 Qg6 16. exd6 cxd6 17. f5 Bxf5 18. Rxf5 1-0

[Event "RUS-ch Seniors (Women)"]
[Site "Lesnoj Gorodok"]
[Date "2009.10.11"]
[Round "9"]
[White "Afanasieva, Elena"]
[Black "Dubrovskaya, Emilia A"]
[Result "0-1"]
[WhiteElo "1510"]
[BlackElo "1997"]
[PlyCount "70"]
[EventDate "2009.10.03"]
[EventType "swiss"]
[EventRounds "9"]
[EventCountry "RUS"]
[SourceTitle "CBM 132 Extra"]
[Source "ChessBase"]
[SourceDate "2009.11.03"]
[SourceVersion "1"]
[SourceVersionDate "2009.11.03"]
[SourceQuality "1"]

1. e4 c5 2. d4 cxd4 3. c3 dxc3 4. Nxc3 e6 5. Nf3 a6 6. a3 b5 7. Be2 Bb7 8. Qc2 Nf6 9. e5 Nd5 10. Nxd5 Bxd5 11. 0-0 Nc6 12. Bf4 Be7 13. Rfd1 Rc8 14. Qd2 0-0 15. Rac1 Qb6 16. Be3 Qb7 17. Bd4 Nxd4 18. Qxd4 d6 19. Qg4 Rxc1 20. Rxc1 dxe5 21. Nxe5 Bf6 22. f4 Rc8 23. Rxc8+ Qxc8 24. Bf1 Qc5+ 25. Kh1 Qf2 26. Qe2 Qxf4 27. Nd3 Qd4 28. Qc2 Qc4 29. Qd2 Qc7 30. Nf4 Bc4 31. Qc1 Bg5 32. Nxe6 Bxc1 33. Nxc7 Bxf1 34. Kg1 Bc4 35. Nxa6 Bxb2 0-1

[Event "RUS-ch Seniors (Women)"]
[Site "Lesnoj Gorodok"]
[Date "2009.10.08"]
[Round "6"]
[White "Dubrovskaya, Emilia A"]
[Black "Butneva, Larisa"]
[Result "0-1"]
[WhiteElo "1997"]
[BlackElo "1857"]
[PlyCount "112"]
[EventDate "2009.10.03"]
[EventType "swiss"]
[EventRounds "9"]
[EventCountry "RUS"]
[SourceTitle "CBM 132 Extra"]
[Source "ChessBase"]
[SourceDate "2009.11.03"]
[SourceVersion "1"]
[SourceVersionDate "2009.11.03"]
[SourceQuality "1"]

1. d4 Nf6 2. Nc3 d5 3. Bg5 Bf5 4. Nf3 Nbd7 5. e3 h6 6. Bh4 e6 7. h3 Bb4 8. Bd3 Bxd3 9. cxd3 c6 10. 0-0 Qa5 11. Qb3 b6 12. Ne2 Bd6 13. Qc2 Rc8 14. e4 dxe4 15. dxe4 Bb8 16. e5 Nd5 17. a3 0-0 18. b4 Qa6 19. Rfe1 c5 20. Qb3 c4 21. Qc2 b5 22. Bg3 N7b6 23. Nd2 Na4 24. Ne4 Qc6 25. Nc5 Nxc5 26. dxc5 a6 27. Nc3 f5 28. f4 Rcd8 29. Rad1 Rd7 30. Nxd5 exd5 31. Bf2 Qe6 32. g3 Rfd8 33. Bd4 g6 34. a4 Re8 35. axb5 axb5 36. Ra1 g5 37. Kh2 Rg7 38. Ra3 Kh7 39. Rea1 Qg6 40. Ra6 Re6 41. Rxe6 Qxe6 42. g4 Rf7 43. Ra5 gxf4 44. gxf5 Rxf5 45. Rxb5 Bxe5 46. Bxe5 Qxe5 47. Rb7+ Kh8 48. h4 f3+ 49. Kh3 f2 50. Rb8+ Kg7 51. Rb7+ Kf8 52. Rb8+ Ke7 53. Rb7+ Kd8 54. Rb8+ Kc7 55. Rb7+ Kxb7 56. c6+ Kc7 0-1

[Event "Cheliabinsk Cup"]
[Site "Cheliabinsk"]
[Date "2008.09.07"]
[Round "6"]
[White "Kozyak, Maria"]
[Black "Dubrovskaya, Emilia A"]
[Result "0-1"]
[WhiteElo "1779"]
[BlackElo "2015"]
[PlyCount "70"]
[EventDate "2008.09.02"]
[EventType "swiss"]
[EventRounds "9"]
[EventCountry "RUS"]
[SourceTitle "EXT 2010"]
[Source "ChessBase"]
[SourceDate "2010.11.25"]
[SourceVersion "1"]
[SourceVersionDate "2010.11.25"]
[SourceQuality "1"]

1. d4 d5 2. c4 e6 3. Nc3 c6 4. Nf3 Nf6 5. Bg5 Be7 6. e3 Nbd7 7. Be2 0-0 8. 0-0 a6 9. h3 h6 10. Bh4 dxc4 11. Bxc4 Re8 12. a3 b5 13. Bd3 Bb7 14. Rc1 c5 15. Be2 cxd4 16. Nxd4 Rc8 17. b4 Qb6 18. Bf3 Ne5 19. Bxb7 Qxb7 20. a4 bxa4 21. Qxa4 g5 22. Bg3 Nc4 23. b5 axb5 24. Ncxb5 Nb6 25. Qa7 Qxa7 26. Nxa7 Rxc1 27. Rxc1 Nh5 28. Bc7 Nd5 29. f3 Nhf6 30. e4 Nxc7 31. Rxc7 Bd6 32. Rc6 Be5 33. Nab5 Nd7 34. Kf1 Bg3 35. Ne2 Rd8 0-1